All 21 Savage Songs - Estadísticas

Estadísticas generales
  • Esta prueba ha sido intentada 13 veces
    2 desde el último reinicio
  • La puntuación promedio es 26 de 177
Estadísticas de respuestas
Album Number Song % Correcto
i am > i was (2018) 82 (Ft. J. Cole) a lot
100%
91 ball w/o you
100%
61 Bank Account
100%
89 (Ft. Gunna & Lil Baby) can't leave without it
100%
Without Warning(with Metro Boomin & Offset)
(2017)
74 (Ft. Travis Scott) Ghostface Killers
100%
87 (Ft. Offset) 1.5
50%
73 7 Min Freestyle
50%
88 (Ft. Post Malone) all my friends
50%
90 asmr
50%
84 (Ft. Yung Miami) a&t
50%
132 (Ft. Lil Durk & Metro Boomin) dangerous
50%
139 (Ft. Mariah the Scientist) dark days
50%
78 Disrespectful
50%
66 FaceTime
50%
36 Feel It
50%
100 Glock In My Lap
50%
86 gun smoke
50%
SAVAGE MODE II(with Metro Boomin) (2020) 98 Intro
50%
35 Mad High
50%
77 Mad Stalkers
50%
20 Mind Yo Business
50%
70 Money Convo
50%
94 (Ft. Childish Gambino) monster
50%
101 (Ft. Drake) Mr. Right Now
50%
133 (Ft. Travis Scott & Metro Boomin) née-nah
50%
Savage Mode(with Metro Boomin) (2016) 29 No Advance
50%
30 No Heart
50%
37 Ocean Drive
50%
85 out for the night
50%
97 (Ft. Travis Scott) out for the night (part 2)
50%
130 (Ft. Young Thug & Metro Boomin) pop ur shit
50%
135 (Ft. Summer Walker) prove it
50%
34 Real Nigga
50%
141 (2016) Red Opps
50%
127 redrum
50%
138 (Ft. Tommy Newport & Mikky Ekko) red sky
50%
Her Loss(with Drake) (2022) 113 Rich Flex
50%
102 (Ft. Young Thug) Rich Nigga Shit
50%
166 (2022) (with YG, Tyga & BIA) Run
50%
99 Runnin
50%
The Slaughter Tape(2016) 1 Skrrt Skrrt
50%
5 (Ft. Key & ILOVEMAKONNEN) Slaughter Ya Daughter
50%
19 (Ft. Young Nudy) Slime
50%
106 (Ft. Young Nudy) Snitches & Rats
50%
105 Snitches & Rats (Interlude)
50%
47 (Ft. Lotto Savage & Lil' Harold) Whoa
50%
31 (Ft. Future) X
50%
21 King(2016) 38 21 Way
0%
150 (2018) (with DJ Holiday & Quavo) 2 Seater
0%
124 3AM on Glenwood
0%
96 (Ft. Young Nudy) 4L
0%
126 all of me
0%
american dream(2024) 125 american dream
0%
64 Baby Girl
0%
63 Bad Business
0%
33 Bad Guy
0%
144 (2017) (with Cardi B) Bartier Cardi
0%
142 (2017) (with TYuS) Between Us
0%
27 Bitch Nigga Please
0%
57 (Ft. Hardo) Blasphemy
0%
109 Brand New Draco
0%
83 break da law
0%
122 Broke Boys
0%
175 (2023) (Ft. d4vd) (COD: MW III) Call Me Revenge
0%
165 (2022) (with Pharrell Williams & Tyler, The Creator) Cash In Cash Out
0%
120 Circo Loco
0%
62 Close My Eyes
0%
146 (2018) (with A$AP Rocky, Gucci Mane& London On Da Track) Cocky
0%
81 Darth Vader
0%
69 Dead People
0%
24 Deserve
0%
22 Dip Dip
0%
16 (Ft. Lotto Savage) Dirty K
0%
161 (2022) (with King Von) Don't Play That
0%
8 Drinking and Driving
0%
6 Drip
0%
53 (Ft. Lil Yachty & Sauce Walka) Drippin'
0%
44 Extendo
0%
58 (Ft. Loso Loaded) Extortion
0%
Issa Album(2017) 60 Famous
0%
49 Feel Like Nino
0%
43 (Ft. Jose Guapo) First Night
0%
17 Front Door
0%
10 Fuckin Niggaz Bitches
0%
3 Gang
0%
177 (2025) (with Central Cee) GBP
0%
92 (Ft. Project Pat & ScHoolboy Q) good day
0%
174 (2023) (with USHER & Summer Walker) Good Good
0%
55 Gotta Get That Check
0%
13 Heart So Cold
0%
28 Help Me
0%
40 Hollow Tips
0%
118 Hours In Silence
0%
51 How To Ball
0%
149 (2018) (with Slum Homies & Ric Flair Drip)(Remix) Hulk Hogan
0%
48 (Ft. Young Nudy) I'm A Savage
0%
154 (2019) Inmortal
0%
46 It's Sold
0%
137 (Ft. Burna Boy & Metro Boomin) just like me
0%
163 (2022) (with Hunxho) (Remix) Let's Get It
0%
95 letter 2 my momma
0%
131 letter to my brudda
0%
Slaughter King(2016) 15 Lord Forgive Me
0%
114 Major Distribution
0%
104 Many Men
0%
11 (Ft. ManMan Savage) Million Dollar Liq
0%
123 More M's
0%
152 (2019) (with Normani) (Savage Remix) Motivation
0%
23 (Ft. Dreezy) Motorcycle
0%
76 My Choppa Hate Niggas
0%
107 My Dawg
0%
42 (Ft. Lil' Duke) Never Had Shit
0%
167 (2022) (with Calvin Harris) New Money
0%
128 (Ft. Doja Cat) n.h.i.e
0%
110 No Opp Left Behind
0%
21 No Peace
0%
67 Nothin New
0%
68 Numb
0%
41 Oh Ok
0%
115 On BS
0%
Singles & EP 140 (2016) One Foot
0%
170 (2022) (with Nas) One Mic, One Gun
0%
157 (2021) (with YBN Nahmir) Opp Stoppa
0%
52 (Ft. Bullet) Organized Crime
0%
176 (2025) (with Lil Baby) Outfit
0%
160 (2021) (with Rick Ross & Jazmine Sullivan) Outlawz
0%
147 (2018) (with SahBabii) Outstanding
0%
7 (Ft. Key) Out The Bowl
0%
93 pad lock
0%
25 Partments
0%
171 (2023) (with Young Nudy) Peaches & Eggplants
0%
162 (2022) (with Fireboy DML & Blxst) (Remix) Peru
0%
4 Picky
0%
2 Pimp
0%
156 (2020) (with Real Recognize Rio) Pressure
0%
116 Privileged Rappers
0%
121 (Ft. Travis Scott) Pussy & Millions
0%
75 (Ft. Quavo) Rap Saved Me
0%
111 RIP Luv
0%
45 Rollies
0%
79 Run Up the Racks
0%
112 Said N Done
0%
32 Savage Mode
0%
59 (Ft. Freaky D) Scrape Da Pot
0%
155 (2020) (Ft. Summer Walker) Secret
0%
12 Seeing Double
0%
134 see the real
0%
136 (Ft. Brent Faiyaz) should've wore a bonnet
0%
153 (2019) (with Alicia Keys & Miguel) Show Me Love
0%
148 (2018) (with Young Nudy) Since When
0%
173 (2023) (with Burna Boy) Sittin' On Top Of The World
0%
168 (2022) (with Madmarcc) (Remix) Slide
0%
103 Slidin
0%
172 (2023) (with BabyDrill & Young Nudy) Slight Dub
0%
129 sneaky
0%
39 Soda
0%
71 Special
0%
117 Spin Bout You
0%
158 (2021) Spiral
0%
9 (Ft. Offset) Start Dyin
0%
50 Start Firing
0%
108 Steppin On Niggas
0%
80 Still Serving
0%
145 (2017) (with Tay-K & Young Nudy)(Remix) The Race
0%
65 Thug Life
0%
54 Trappin Out
0%
119 Treacherous Twins
0%
151 (2019) (with Jhené Aiko & Summer Walker)(Remix) Triggered
0%
26 (Ft. Trouble) Vette
0%
169 (2022) (with DJ Khaled) WAY PAST LUCK
0%
164 (2022) (with Latto) Wheelie
0%
72 Whole Lot
0%
159 (2021) (with Nardo Wick, G Herbo & Lil Durk) Who Want Smoke??
0%
56 (Ft. Hardo & Jimmy Wopo) Who Ya Gang
0%
14 Woah
0%
18 Wow
0%
143 (2017) (Ft. Mookie Mardi Gra)(Instrumental) Yea Yea Yea
0%
No se encontraron pruebas coincidentes
Distribución de puntuación
Porcentaje de gente con cada puntuación
Porcentaje por número respondido
Historial de tus puntuaciones
No has intentado esta prueba desde el último reinicio